Top 10 Imported From Countries of Bulgaria - Statistics

General Stats
  • This quiz has been taken 28 times
  • The average score is 8 of 10
Answer Stats
Ranking (% of imports) Answer % Correct
14.7% Germany
100%
6.71% Greece
91%
7.31% Italy
91%
2.71% Spain
91%
7.26% Turkiye
91%
2.75% China
87%
3.77% France
87%
8.69% Romania
78%
2.53% Netherlands
70%
2.84% Belgium
61%
No matching quizzes found
Score Distribution
Percent of People with Each Score
Percentile by Number Answered
Your Score History
You have not taken this quiz